01844 a2200205 45000010006000000050017000060080041000230030015000640400040000790800053001192450142001720200022003142640033003363000019003695051100003880410008014881000020014967000023015168560099015394551420260407155727.0260407a2016 arg spa dAR-UNSa-BCEJYS aAR-UNSa-BCEJYSbspacAR-UNSa-BCEJYS a336.02xPolítica financiera. Política fiscal10aIncentivos perversos , gobernantes oportunistas, votantes racionalespensayos sobre la economía política de las provincias argentinas a978-987-02-9221-0 1aBuenos Aires :bDunkenc2016 a308 p.c23 cm. aPrimera Parte: Federalismo, transferencias intergubernamentales y política fiscal: 1. Restricción Presupuestaria Blanda en Sistemas Federales: Incentivos en los gobiernos sub nacionales y Riesgo compartido / María José Catalán – 2. ¿Están las transferencias nacionales desplazando recursos tributarios provinciales en Argentina? / Ernesto Rezk y Nicolás Pérez Águila – 3. La paradoja de la dádiva en provincias argentinas / Marcelo Capello, Albeto Figueras e Iván Uturralde – 4. El Comportamiento Fiscal de los Gobiernos Provinciales en tiempos electorales / Osvaldo Meloni – 5. Extensión. Los rostros del Oportunismo: Peronistas, Radicales y Partidos Provinciales – 6. Competencia política y política fiscal / Osvaldo Meloni – Segunda Parte: Reglas de juego, elecciones y desempeño fiscal de los gobiernos provinciales: 7. Determinantes Institucionales del Gasto Público en las Provincias Argentinas / José Bercoff y Jorge Nougués – 8. Sensatez y Sensibilidad: Condiciones socioeconómicas y voto femenino / José Bercoff y Osvaldo Meloni -  aspa1 aMeloni, Osvaldo1 aBercoff, José J.41uhttps://www.biblioeco.unsa.edu.ar/pmb/images/libros/L127128.jpgyImagen de portadaqimage/jpeg